[Event "Titled Tuesday intern op 07th Sept"]
[Site "Chess.com INT"]
[Date "2021.09.07"]
[Round "1"]
[White "Wagh, Suyog"]
[Black "Evchin, Maxim"]
[Result "0-1"]
[WhiteElo "2246"]
[BlackElo "2309"]
[PlyCount "72"]
[EventDate "2021.09.07"]
[EventType "swiss (blitz)"]
[EventRounds "11"]
[EventCountry "USA"]
[SourceTitle "EXT 2022"]
[Source "ChessBase"]
[SourceDate "2021.10.06"]
[SourceVersion "1"]
[SourceVersionDate "2021.10.06"]
[SourceQuality "1"]

1. Nf3 c5 2. e3 g6 3. d4 Bg7 4. Be2 Nf6 5. 0-0 0-0 6. b3 cxd4 7. exd4 d5 8. Bb2 Nc6 9. Nbd2 Ne4 10. c4 Bf5 11. cxd5 Qxd5 12. Nc4 Rfd8 13. Ne3 Qa5 14. a3 Nc3 15. Qd2 Nxe2+ 16. Qxe2 Be4 17. d5 Bxb2 18. Qxb2 Bxd5 19. Ng4 h5 20. Nge5 Nxe5 21. Nxe5 Rac8 22. Rfe1 Qb6 23. Re3 Qf6 24. Rae1 Rc7 25. b4 Rdc8 26. Qd4 e6 27. Qxa7 Rc2 28. Nd3 Rd2 29. f3 Rcc2 30. Qb8+ Kg7 31. Qg3 h4 32. Qh3 Qg5 33. g3 Rxh2 34. f4 Rcg2+ 35. Kf1 Rxh3 36. fxg5 Rh1# 0-1

[Event "Kiev Shystariov Blitz"]
[Site "Kiev"]
[Date "2021.08.29"]
[Round "2"]
[White "Evchin, Maxim"]
[Black "Budnikov, Oleg"]
[Result "1-0"]
[WhiteElo "2309"]
[BlackElo "2394"]
[PlyCount "64"]
[EventDate "2021.08.29"]
[EventType "swiss (blitz)"]
[EventRounds "11"]
[EventCountry "UKR"]
[SourceTitle "CBM 204 Extra"]
[Source "ChessBase"]
[SourceDate "2021.11.30"]
[SourceVersion "1"]
[SourceVersionDate "2021.11.30"]
[SourceQuality "1"]

1. e4 g6 2. d4 Bg7 3. Nc3 d6 4. Be3 a6 5. Qd2 b5 6. h4 h6 7. 0-0-0 Bb7 8. f3 Nd7 9. Kb1 Rc8 10. Nge2 Nb6 11. Nf4 b4 12. Ncd5 Nxd5 13. exd5 a5 14. Bb5+ c6 15. dxc6 Bxc6 16. Bxc6+ Rxc6 17. Qd3 Nf6 18. g4 Qc8 19. g5 Nd7 20. gxh6 Rxh6 21. h5 g5 22. Nd5 f6 23. f4 g4 24. f5 Kf7 25. Bxh6 Bxh6 26. Rde1 Bf8 27. h6 Kg8 28. Rxe7 Qd8 29. Re6 Kh7 30. Qe4 Rc8 31. Qxg4 Kh8 32. Qg6 Ra8 1-0

[Event "Kiev Spring op"]
[Site "Kiev"]
[Date "2021.07.16"]
[Round "8"]
[White "Lymar, Vladislav"]
[Black "Evchin, Maxim"]
[Result "1/2-1/2"]
[WhiteElo "2120"]
[BlackElo "2330"]
[PlyCount "113"]
[EventDate "2021.07.10"]
[EventType "swiss"]
[EventRounds "9"]
[EventCountry "UKR"]
[SourceTitle "EXT 2024"]
[Source "ChessBase"]
[SourceDate "2023.10.10"]
[SourceVersion "1"]
[SourceVersionDate "2023.10.10"]
[SourceQuality "1"]

1. e4 c5 2. Nf3 e6 3. g3 Nc6 4. Bg2 Nf6 5. Nc3 d6 6. 0-0 a6 7. a4 Be7 8. d3 Qc7 9. Nd2 Rb8 10. Nc4 b5 11. axb5 axb5 12. Ne3 0-0 13. f4 Nd4 14. f5 Qd8 15. Ne2 Nxe2+ 16. Qxe2 Re8 17. Bd2 b4 18. Bh3 e5 19. Kh1 Bb7 20. Bg2 Ra8 21. Nd5 Bxd5 22. exd5 h6 23. h4 Qd7 24. Be4 Qb7 25. Qg2 Rxa1 26. Rxa1 Ra8 27. Qg1 Ra6 28. b3 Qa8 29. Rxa6 Qxa6 30. Bf3 Qa2 31. Qc1 Ne8 32. Kh2 Nc7 33. Kh3 Nb5 34. Be3 Qa3 35. g4 Kf8 36. Qb1 Nc3 37. Qc1 Nb5 38. Qb1 Qa6 39. Kg3 Nc3 40. Qc1 Ke8 41. g5 hxg5 42. hxg5 Qa2 43. g6 f6 44. Qh1 Qxc2 45. Qh8+ Kd7 46. Qxg7 Qxd3 47. Qh6 Nxd5 48. Bxd5 Qxd5 49. g7 Qxb3 50. Kh2 Qc2+ 51. Kg3 Qb3 52. Kh4 Qc4+ 53. Kh5 b3 54. Bc1 Qf7+ 55. Kg4 Qc4+ 56. Kh5 Qf7+ 57. Kg4 1/2-1/2

[Event "Kiev Spring op"]
[Site "Kiev"]
[Date "2021.07.15"]
[Round "7"]
[White "Evchin, Maxim"]
[Black "Kazakov, Maksym"]
[Result "1-0"]
[WhiteElo "2330"]
[BlackElo "2039"]
[PlyCount "63"]
[EventDate "2021.07.10"]
[EventType "swiss"]
[EventRounds "9"]
[EventCountry "UKR"]
[SourceTitle "EXT 2024"]
[Source "ChessBase"]
[SourceDate "2023.10.10"]
[SourceVersion "1"]
[SourceVersionDate "2023.10.10"]
[SourceQuality "1"]

1. e4 c5 2. Nf3 Nc6 3. Bb5 g6 4. 0-0 Bg7 5. c3 a6 6. Bxc6 dxc6 7. h3 e5 8. d3 h6 9. Be3 b6 10. Na3 Be6 11. b4 cxb4 12. cxb4 Ne7 13. Nc4 Bxc4 14. dxc4 Qxd1 15. Rfxd1 b5 16. Bc5 g5 17. a4 bxc4 18. Nd2 Ng6 19. Nxc4 Bf8 20. Nd6+ Bxd6 21. Bxd6 0-0-0 22. b5 Kb7 23. bxc6+ Kxc6 24. Rac1+ Kb7 25. Rc7+ Ka8 26. Rxf7 Nf4 27. Rf6 Ne2+ 28. Kf1 Nc3 29. Re1 Nxa4 30. Bxe5 Nc5 31. Rc6 Rc8 32. Rxc5 1-0

[Event "Titled Tuesday intern op 14th July"]
[Site "Chess.com INT"]
[Date "2020.07.14"]
[Round "6"]
[White "Arabidze, Meri"]
[Black "Evchin, Maxim"]
[Result "0-1"]
[WhiteElo "2428"]
[BlackElo "2310"]
[PlyCount "98"]
[EventDate "2020.07.14"]
[EventType "swiss (blitz)"]
[EventRounds "10"]
[EventCountry "USA"]
[SourceTitle "CBM 197 Extra"]
[Source "ChessBase"]
[SourceDate "2020.09.30"]
[SourceVersion "1"]
[SourceVersionDate "2020.09.30"]
[SourceQuality "1"]

1. d4 Nf6 2. c4 g6 3. Nf3 Bg7 4. g3 c5 5. d5 b5 6. cxb5 a6 7. b6 d6 8. Nc3 0-0 9. Bg2 Nbd7 10. a4 a5 11. 0-0 Rb8 12. e4 Rxb6 13. Re1 Ng4 14. Nb5 Ba6 15. Bf1 Qb8 16. h3 Nge5 17. Nd2 c4 18. Nxc4 Nxc4 19. Bxc4 Rc8 20. Bf1 Nc5 21. Nd4 Bxf1 22. Nc6 Rbxc6 23. dxc6 Bxh3 24. Ra3 Be6 25. Bg5 Bxb2 26. Rae3 f6 27. Bh6 Qb4 28. Qf3 Bd4 29. R3e2 Bc4 30. Qg4 Rxc6 31. e5 Bxe5 32. Re4 f5 33. Qh4 Nxe4 34. Qxe7 Qb8 35. Rc1 Rc7 36. Qh4 d5 37. Kg2 Bf6 38. Qf4 Rb7 39. Qf3 Rb2 40. Rf1 Qb6 41. Kg1 Rxf2 42. Rxf2 Qxf2+ 43. Qxf2 Nxf2 44. Kxf2 Bd4+ 45. Kf3 Bb3 46. g4 fxg4+ 47. Kxg4 Bxa4 48. Kg5 Bd7 49. Kf4 a4 0-1

[Event "Titled Tuesday intern op 14th July"]
[Site "Chess.com INT"]
[Date "2020.07.14"]
[Round "10"]
[White "Evchin, Maxim"]
[Black "Schrik, Rachid"]
[Result "1-0"]
[WhiteElo "2310"]
[BlackElo "2198"]
[PlyCount "157"]
[EventDate "2020.07.14"]
[EventType "swiss (blitz)"]
[EventRounds "10"]
[EventCountry "USA"]
[SourceTitle "CBM 197 Extra"]
[Source "ChessBase"]
[SourceDate "2020.09.30"]
[SourceVersion "1"]
[SourceVersionDate "2020.09.30"]
[SourceQuality "1"]

1. e4 c5 2. Nf3 Nc6 3. d4 cxd4 4. Nxd4 e5 5. Nb5 d6 6. c4 Be7 7. N5c3 Be6 8. Be2 Bg5 9. Bxg5 Qxg5 10. Nb5 Rd8 11. Nc7+ Kf8 12. 0-0 Nf6 13. Nc3 Nd4 14. Nxe6+ fxe6 15. f4 Qh6 16. c5 Nxe2+ 17. Qxe2 exf4 18. cxd6 e5 19. Qb5 Ng4 20. h3 Ne3 21. Qxe5 Rxd6 22. Rxf4+ Rf6 23. Rxf6+ gxf6 24. Qc5+ Kg7 25. Qe7+ Kg6 26. Re1 Qg5 27. Re2 Rc8 28. Qe6 Rd8 29. Nd5 Nxd5 30. exd5 Qxd5 31. Qg4+ Qg5 32. Qxg5+ fxg5 33. Re7 Rd1+ 34. Kh2 Rd2 35. Rxb7 a5 36. a3 a4 37. Rb4 h5 38. h4 gxh4 39. Rxh4 Rxb2 40. Rxa4 Ra2 41. Ra5 Rb2 42. Kh3 Rb3+ 43. Kh4 Rb2 44. Ra6+ Kf5 45. Kh3 Kg5 46. g3 Ra2 47. Ra5+ Kg6 48. Ra6+ Kg5 49. a4 Ra3 50. Ra5+ Kg6 51. Kh4 Ra2 52. Rg5+ Kf6 53. Kxh5 Rh2+ 54. Kg4 Ra2 55. Rf5+ Kg6 56. Rf4 Rb2 57. Rc4 Ra2 58. Rc6+ Kf7 59. Rc7+ Kg6 60. Rc4 Rg2 61. Rc6+ Kg7 62. a5 Ra2 63. a6 Ra5 64. Rc7+ Kg6 65. a7 Ra4+ 66. Kh3 Ra3 67. Rb7 Ra4 68. Kg2 Ra3 69. Kf2 Kg5 70. Ke2 Kg4 71. Kd2 Kxg3 72. Kc2 Kf4 73. Kb2 Ra6 74. Kb3 Ke5 75. Kb4 Ra1 76. Rb5+ Kd6 77. Ra5 Rb1+ 78. Kc3 Rc1+ 79. Kd2 1-0

[Event "Titled Tuesday intern op 14th July"]
[Site "Chess.com INT"]
[Date "2020.07.14"]
[Round "5"]
[White "Iniyan, Panneerseluam"]
[Black "Evchin, Maxim"]
[Result "1-0"]
[WhiteElo "2506"]
[BlackElo "2310"]
[PlyCount "49"]
[EventDate "2020.07.14"]
[EventType "swiss (blitz)"]
[EventRounds "10"]
[EventCountry "USA"]
[SourceTitle "CBM 197 Extra"]
[Source "ChessBase"]
[SourceDate "2020.09.30"]
[SourceVersion "1"]
[SourceVersionDate "2020.09.30"]
[SourceQuality "1"]

1. d4 Nf6 2. c4 g6 3. Nc3 d5 4. cxd5 Nxd5 5. e4 Nxc3 6. bxc3 Bg7 7. Bc4 c5 8. Ne2 Nc6 9. Be3 0-0 10. 0-0 e6 11. Rb1 cxd4 12. cxd4 b6 13. Qd2 Bb7 14. Rfd1 Rc8 15. Rbc1 Na5 16. Bd3 Qd7 17. Bh6 Bxh6 18. Qxh6 Qa4 19. e5 Nc4 20. Ng3 Kh8 21. Be4 Bd5 22. Nh5 Rg8 23. Nf6 Rg7 24. Bxd5 exd5 25. Rd3 1-0

[Event "Krakow op-A 30th"]
[Site "Krakow"]
[Date "2020.01.03"]
[Round "8"]
[White "Bus, Konrad"]
[Black "Evchin, Maxim"]
[Result "1/2-1/2"]
[WhiteElo "2214"]
[BlackElo "2315"]
[PlyCount "112"]
[EventDate "2019.12.27"]
[EventType "swiss"]
[EventRounds "9"]
[EventCountry "POL"]
[SourceTitle "CBM 194 Extra"]
[Source "ChessBase"]
[SourceDate "2020.03.31"]
[SourceVersion "1"]
[SourceVersionDate "2020.03.31"]
[SourceQuality "1"]

1. d4 Nf6 2. Nf3 d5 3. g3 Bf5 4. c4 c6 5. Nc3 e6 6. Nh4 Bg4 7. h3 Bh5 8. Qb3 Qb6 9. c5 Qc7 10. Bf4 Qc8 11. g4 Bg6 12. Bg2 Be7 13. Nxg6 hxg6 14. 0-0 Nbd7 15. Qc2 0-0 16. b4 Re8 17. Bg3 g5 18. Qd2 Bd8 19. Qxg5 Ne4 20. Qe3 Nxg3 21. Qxg3 e5 22. dxe5 Nxe5 23. e4 d4 24. Ne2 d3 25. Nd4 Qd7 26. Nf5 Bc7 27. f4 Ng6 28. e5 Nxe5 29. Rad1 Ng6 30. Rxd3 Qe6 31. Nd6 Bxd6 32. cxd6 Qc4 33. d7 Red8 34. a3 a5 35. bxa5 Nf8 36. Rfd1 Ne6 37. Kh2 Qxf4 38. Qxf4 Nxf4 39. Rb3 Rxa5 40. Rxb7 Rxa3 41. Rc7 Kf8 42. Re1 Ne6 43. Rc8 Ke7 44. Bxc6 g5 45. Re2 Rd3 46. Ra2 Rd6 47. Ra3 Rd2+ 48. Kg3 Rb2 49. h4 gxh4+ 50. Kxh4 Rb8 51. Rxb8 Rxb8 52. Ra7 Rh8+ 53. Kg3 Rd8 54. Ra5 Kd6 55. Ba4 Nc5 56. Kf4 Nxa4 1/2-1/2

[Event "Krakow op-A 30th"]
[Site "Krakow"]
[Date "2019.12.29"]
[Round "3"]
[White "Nikolaidis, Konstantinos"]
[Black "Evchin, Maxim"]
[Result "0-1"]
[WhiteElo "2200"]
[BlackElo "2315"]
[PlyCount "78"]
[EventDate "2019.12.27"]
[EventType "swiss"]
[EventRounds "9"]
[EventCountry "POL"]
[SourceTitle "CBM 194 Extra"]
[Source "ChessBase"]
[SourceDate "2020.03.31"]
[SourceVersion "1"]
[SourceVersionDate "2020.03.31"]
[SourceQuality "1"]

1. d4 Nf6 2. c4 g6 3. Nc3 d5 4. cxd5 Nxd5 5. Bd2 Nb6 6. Nf3 Bg7 7. Bf4 0-0 8. Rc1 Na6 9. e3 c5 10. Be2 cxd4 11. exd4 Be6 12. 0-0 Nb4 13. a3 Nc6 14. Be3 Nd5 15. Na4 Nxe3 16. fxe3 Bh6 17. Rc3 Bd5 18. Qd3 f5 19. Qb5 e6 20. Nc5 a6 21. Qa4 Qe7 22. Kh1 Rad8 23. Rd1 g5 24. Qc2 g4 25. Nd2 e5 26. Nf1 Bg7 27. dxe5 Nxe5 28. Ng3 f4 29. exf4 Rxf4 30. Nf5 Qf6 31. Rxd5 Rxd5 32. Qb3 Rxf5 33. Qxd5+ Kh8 34. Rc1 Qh6 35. Nd3 Rf8 36. Rf1 Re8 37. Nc5 Qe3 38. Bd1 b6 39. Ne6 Nd3 0-1

[Event "Riga RTU rapid op"]
[Site "Riga"]
[Date "2019.07.04"]
[Round "3"]
[White "Evchin, Maxim"]
[Black "Gukesh, Dommaraju"]
[Result "1/2-1/2"]
[WhiteElo "2269"]
[BlackElo "1683"]
[PlyCount "86"]
[EventDate "2019.07.04"]
[EventType "swiss (rapid)"]
[EventRounds "9"]
[EventCountry "LAT"]
[SourceTitle "EXT 2020"]
[Source "ChessBase"]
[SourceDate "2019.10.17"]
[SourceVersion "1"]
[SourceVersionDate "2019.10.17"]
[SourceQuality "1"]

1. d4 Nf6 2. Bg5 Ne4 3. Bf4 c5 4. f3 Qa5+ 5. c3 Nf6 6. d5 d6 7. e4 g6 8. Na3 Bg7 9. Qd2 0-0 10. Nc4 Qd8 11. a4 Nbd7 12. Nh3 Nb6 13. Nf2 Bd7 14. a5 Nxc4 15. Bxc4 b5 16. axb6 axb6 17. 0-0 b5 18. Be2 Qb6 19. Be3 Qb7 20. f4 Rxa1 21. Rxa1 Ra8 22. Qd1 Ne8 23. h4 Nc7 24. h5 b4 25. Rxa8+ Nxa8 26. hxg6 hxg6 27. e5 bxc3 28. bxc3 dxe5 29. fxe5 Bxe5 30. Ne4 Qb2 31. Bxc5 Bf5 32. d6 exd6 33. Bxd6 Qb6+ 34. Bc5 Qc7 35. Bd6 Qb6+ 36. Bc5 Qc7 37. Bd6 Qb6+ 38. Bc5 Qa5 39. Bb4 Qa7+ 40. Bc5 Qc7 41. Bd6 Bxd6 42. Nxd6 Be6 43. Qd4 Qb6 1/2-1/2

[Event "Riga RTU rapid op"]
[Site "Riga"]
[Date "2019.07.04"]
[Round "5"]
[White "Evchin, Maxim"]
[Black "Krivonosov, Oleg"]
[Result "1/2-1/2"]
[WhiteElo "2269"]
[BlackElo "2445"]
[PlyCount "96"]
[EventDate "2019.07.04"]
[EventType "swiss (rapid)"]
[EventRounds "9"]
[EventCountry "LAT"]
[SourceTitle "EXT 2020"]
[Source "ChessBase"]
[SourceDate "2019.10.17"]
[SourceVersion "1"]
[SourceVersionDate "2019.10.17"]
[SourceQuality "1"]

1. d4 d5 2. c4 e6 3. Nc3 Be7 4. Nf3 Nf6 5. g3 0-0 6. Bg2 c6 7. 0-0 Nbd7 8. Qd3 b6 9. e4 Bb7 10. cxd5 cxd5 11. e5 Ne4 12. Be3 Rc8 13. Rfc1 Nxc3 14. Rxc3 Rxc3 15. Qxc3 Qb8 16. Bf1 Rc8 17. Qd2 h6 18. Bd3 Bf8 19. Qe2 Qc7 20. Nh4 Be7 21. Qg4 Kf8 22. f4 Bxh4 23. Qxh4 Nb8 24. f5 Ba6 25. Bxa6 Nxa6 26. f6 gxf6 27. Qxh6+ Ke8 28. Qh8+ Kd7 29. Qxf6 Ke8 30. Rf1 Qe7 31. Bg5 Qxf6 32. Bxf6 Rc2 33. h4 Kf8 34. h5 Kg8 35. Rf4 Kh7 36. Be7 Kg7 37. Rf2 Rc4 38. Rd2 Nb8 39. b3 Rc3 40. Kf2 Nc6 41. Bg5 Nb4 42. Be3 Nc2 43. Bf4 Nb4 44. Ke2 Rc1 45. Rd1 Rc2+ 46. Rd2 Rc1 47. Rd1 Rc2+ 48. Rd2 Rc1 1/2-1/2

[Event "Riga RTU rapid op"]
[Site "Riga"]
[Date "2019.07.04"]
[Round "8"]
[White "Kolesnikovs, Ivans"]
[Black "Evchin, Maxim"]
[Result "0-1"]
[WhiteElo "2013"]
[BlackElo "2269"]
[PlyCount "100"]
[EventDate "2019.07.04"]
[EventType "swiss (rapid)"]
[EventRounds "9"]
[EventCountry "LAT"]
[SourceTitle "EXT 2020"]
[Source "ChessBase"]
[SourceDate "2019.10.17"]
[SourceVersion "1"]
[SourceVersionDate "2019.10.17"]
[SourceQuality "1"]

1. e4 e5 2. Nf3 Nc6 3. d4 exd4 4. Nxd4 Nf6 5. Nxc6 bxc6 6. e5 Qe7 7. Qe2 Nd5 8. c4 Nb6 9. Nc3 Qe6 10. g3 g6 11. b3 Bg7 12. f4 d6 13. Bb2 dxe5 14. Ne4 0-0 15. Bg2 exf4 16. Bxg7 Kxg7 17. Qb2+ f6 18. 0-0 Qe5 19. Qf2 fxg3 20. Nxg3 f5 21. Rae1 Qf6 22. Qc5 Rf7 23. Ne4 Nd7 24. Qe3 Qe5 25. Ng5 Re7 26. Qf2 Qf6 27. Rxe7+ Qxe7 28. Qd4+ Qe5 29. Ne6+ Kg8 30. Bxc6 Rb8 31. Bd5 c6 32. Bxc6 Rb6 33. Bd5 Rxe6 34. Qxe5 Nxe5 35. Bxe6+ Bxe6 36. Kf2 Kf7 37. Ke3 Kf6 38. Kd4 g5 39. Kc5 f4 40. Kd6 f3 41. c5 Bh3 42. Rf2 Kf5 43. c6 Kf4 44. c7 Nd3 45. Rd2 Ke3 46. Rd1 f2 47. Kc6 Ke2 48. Rh1 Bg2+ 49. Kd6 Bh3 50. Ke7 f1Q 0-1

[Event "Riga RTU rapid op"]
[Site "Riga"]
[Date "2019.07.04"]
[Round "7"]
[White "Raghavi, Nagarajan"]
[Black "Evchin, Maxim"]
[Result "1-0"]
[WhiteElo "2068"]
[BlackElo "2269"]
[PlyCount "63"]
[EventDate "2019.07.04"]
[EventType "swiss (rapid)"]
[EventRounds "9"]
[EventCountry "LAT"]
[SourceTitle "EXT 2020"]
[Source "ChessBase"]
[SourceDate "2019.10.17"]
[SourceVersion "1"]
[SourceVersionDate "2019.10.17"]
[SourceQuality "1"]

1. Nf3 g6 2. g3 Bg7 3. Bg2 c5 4. 0-0 Nc6 5. e4 d6 6. c3 e5 7. a3 Nge7 8. b4 a6 9. d3 0-0 10. Nbd2 h6 11. Nb3 b6 12. Be3 f5 13. Qd2 g5 14. exf5 Bxf5 15. Ne1 d5 16. f4 c4 17. dxc4 dxc4 18. Nc1 Qxd2 19. Bxd2 Rad8 20. Ra2 exf4 21. gxf4 gxf4 22. Ne2 Ne5 23. Nxf4 Nd3 24. Nh5 Be5 25. Nf3 Bh8 26. Bxh6 Rfe8 27. Bg5 Rc8 28. Nh4 Bg4 29. Nf6+ Bxf6 30. Rxf6 Kg7 31. Rxb6 Nf5 32. Rb7+ 1-0

[Event "Titled Tuesday intern op 7th Aug"]
[Site "Chess.com INT"]
[Date "2018.08.07"]
[Round "5"]
[White "Evchin, Maxim"]
[Black "Tashkov, Rumen"]
[Result "1/2-1/2"]
[WhiteElo "2265"]
[BlackElo "2236"]
[PlyCount "72"]
[EventDate "2018.08.07"]
[EventType "swiss (blitz)"]
[EventRounds "10"]
[EventCountry "USA"]
[SourceTitle "EXT 2021"]
[Source "ChessBase"]
[SourceDate "2020.10.23"]
[SourceVersion "1"]
[SourceVersionDate "2020.10.23"]
[SourceQuality "1"]

1. e4 d6 2. d4 Nf6 3. Nc3 g6 4. Be3 Bg7 5. Qd2 c6 6. Bh6 Bxh6 7. Qxh6 Qa5 8. 0-0-0 b5 9. e5 dxe5 10. dxe5 Ng4 11. Qf4 b4 12. Ne4 Qxe5 13. Qd2 0-0 14. f3 Be6 15. Ng5 Ne3 16. Nxe6 Nxf1 17. Rxf1 Qxe6 18. Kb1 c5 19. Nh3 Nc6 20. Re1 Qf6 21. Qe3 c4 22. Nf4 Rfd8 23. h4 e5 24. Ne2 Nd4 25. h5 Rac8 26. hxg6 hxg6 27. Ng3 b3 28. Ne4 bxc2+ 29. Kc1 Qg7 30. Qg5 Ne6 31. Nf6+ Kf8 32. Qxe5 Rc5 33. Nh7+ Kg8 34. Nf6+ Kf8 35. Nh7+ Kg8 36. Nf6+ Kf8 1/2-1/2

[Event "Titled Tuesday intern op 7th Aug"]
[Site "Chess.com INT"]
[Date "2018.08.07"]
[Round "7"]
[White "Navia Alvarez, Edwin Adrian"]
[Black "Evchin, Maxim"]
[Result "0-1"]
[WhiteElo "2104"]
[BlackElo "2265"]
[PlyCount "68"]
[EventDate "2018.08.07"]
[EventType "swiss (blitz)"]
[EventRounds "10"]
[EventCountry "USA"]
[SourceTitle "EXT 2021"]
[Source "ChessBase"]
[SourceDate "2020.10.23"]
[SourceVersion "1"]
[SourceVersionDate "2020.10.23"]
[SourceQuality "1"]

1. e4 e5 2. Nc3 Nf6 3. g3 Bc5 4. Bg2 d6 5. Nge2 Nc6 6. Na4 Bb6 7. Nxb6 axb6 8. 0-0 Be6 9. d4 exd4 10. Nxd4 Nxd4 11. Qxd4 Qd7 12. f4 Bh3 13. Re1 Bxg2 14. Kxg2 0-0 15. b3 Rfe8 16. c4 Qc6 17. Kf3 Rxe4 18. Rxe4 Re8 19. Qd5 Nxd5 20. Rxe8+ Qxe8 21. cxd5 Qb5 22. Be3 Qxd5+ 23. Kf2 f5 24. Re1 Kf7 25. Rc1 c5 26. h4 Qe4 27. Re1 d5 28. Re2 d4 29. Bd2 Qb1 30. Be1 d3 31. Rd2 b5 32. Ke3 c4 33. Bf2 Qh1 34. bxc4 Qe4# 0-1

[Event "Kiev Chess School 3rd"]
[Site "Kiev"]
[Date "2017.10.28"]
[Round "9"]
[White "Prihodko, Alexander"]
[Black "Evchin, Maxim"]
[Result "1/2-1/2"]
[WhiteElo "2318"]
[BlackElo "2270"]
[PlyCount "47"]
[EventDate "2017.10.24"]
[EventType "tourn"]
[EventRounds "11"]
[EventCountry "UKR"]
[EventCategory "1"]
[SourceTitle "EXT 2019"]
[Source "ChessBase"]
[SourceDate "2018.10.10"]
[SourceVersion "1"]
[SourceVersionDate "2018.10.10"]
[SourceQuality "1"]

1. e4 c5 2. c3 Nf6 3. e5 Nd5 4. d4 cxd4 5. cxd4 d6 6. Nf3 Nc6 7. Bc4 dxe5 8. dxe5 Ndb4 9. Qxd8+ Nxd8 10. Na3 a6 11. Bd2 Nbc6 12. Nc2 Bg4 13. Ncd4 e6 14. h3 Bh5 15. g4 Bg6 16. Ke2 Bc5 17. Be3 Bxd4 18. Bxd4 Be4 19. Rhd1 Rc8 20. Bb3 Na5 21. Nd2 Nxb3 22. axb3 Bd5 23. Rdc1 Nc6 24. Ke3 1/2-1/2

[Event "Kiev Chess School 3rd"]
[Site "Kiev"]
[Date "2017.10.27"]
[Round "7"]
[White "Evchin, Maxim"]
[Black "Mikhaletz, Lubomir"]
[Result "1/2-1/2"]
[WhiteElo "2270"]
[BlackElo "2417"]
[PlyCount "43"]
[EventDate "2017.10.24"]
[EventType "tourn"]
[EventRounds "11"]
[EventCountry "UKR"]
[EventCategory "1"]
[SourceTitle "EXT 2019"]
[Source "ChessBase"]
[SourceDate "2018.10.10"]
[SourceVersion "1"]
[SourceVersionDate "2018.10.10"]
[SourceQuality "1"]

1. c4 d6 2. Nc3 e5 3. g3 c6 4. d4 h5 5. Nf3 Bg4 6. dxe5 Bxf3 7. exf3 dxe5 8. Qxd8+ Kxd8 9. f4 Nd7 10. Bh3 Ngf6 11. 0-0 Bd6 12. Rd1 Kc7 13. fxe5 Bxe5 14. Bg5 Rad8 15. Rd2 Nc5 16. Rad1 Rxd2 17. Bxd2 Nfe4 18. Nxe4 Nxe4 19. Bg2 Nxd2 20. Rxd2 Rd8 21. Rxd8 Kxd8 22. b3 1/2-1/2

[Event "Kiev Chess School 3rd"]
[Site "Kiev"]
[Date "2017.10.24"]
[Round "2"]
[White "Razin, Vadim"]
[Black "Evchin, Maxim"]
[Result "1/2-1/2"]
[WhiteElo "2388"]
[BlackElo "2270"]
[PlyCount "47"]
[EventDate "2017.10.24"]
[EventType "tourn"]
[EventRounds "11"]
[EventCountry "UKR"]
[EventCategory "1"]
[SourceTitle "EXT 2019"]
[Source "ChessBase"]
[SourceDate "2018.10.10"]
[SourceVersion "1"]
[SourceVersionDate "2018.10.10"]
[SourceQuality "1"]

1. d4 Nf6 2. c4 g6 3. Nc3 d5 4. cxd5 Nxd5 5. e4 Nxc3 6. bxc3 Bg7 7. Nf3 c5 8. Be3 Qa5 9. Qd2 Nc6 10. Rc1 cxd4 11. cxd4 Qxd2+ 12. Kxd2 0-0 13. Bb5 f5 14. Bxc6 bxc6 15. exf5 Bxf5 16. Ne5 Bxe5 17. dxe5 Be4 18. f3 Bd5 19. Bc5 Kf7 20. Rb1 Rfb8 21. a3 Ke6 22. Rxb8 Rxb8 23. Kc2 Rb7 24. Re1 1/2-1/2

[Event "Sakharov Memorial 4th"]
[Site "Kiev"]
[Date "2005.07.13"]
[Round "10"]
[White "Evchin, Maxim"]
[Black "Baryshpolets, Andrey"]
[Result "1/2-1/2"]
[WhiteElo "2256"]
[BlackElo "2196"]
[PlyCount "72"]
[EventDate "2005.07.04"]
[EventType "tourn"]
[EventRounds "11"]
[EventCountry "UKR"]
[EventCategory "2"]
[SourceTitle "EXT 2006"]
[Source "ChessBase"]
[SourceDate "2005.11.24"]
[SourceVersion "1"]
[SourceVersionDate "2005.11.24"]
[SourceQuality "1"]

1. e4 c5 2. Nf3 d6 3. d4 cxd4 4. Nxd4 Nf6 5. Nc3 g6 6. Be3 Bg7 7. f3 0-0 8. Qd2 Nc6 9. 0-0-0 d5 10. exd5 Nxd5 11. Nxc6 bxc6 12. Bd4 e5 13. Bc5 Be6 14. Ne4 Rb8 15. Bc4 Qc8 16. Bb3 Rd8 17. Kb1 h6 18. Qa5 Rd7 19. Ba3 Qd8 20. Qe1 Nf4 21. Rxd7 Bxd7 22. Qf2 Qa5 23. g3 Ne6 24. c3 Nc7 25. Bb4 Qa6 26. Rd1 Nd5 27. Bd6 Re8 28. Ka1 Bc8 29. Bc5 Be6 30. Ba3 Qb6 31. Qd2 f5 32. Nc5 Bf7 33. c4 Nf6 34. Nd7 Qd8 35. Nxf6+ Qxf6 36. Bc5 a6 1/2-1/2

[Event "Sakharov Memorial 4th"]
[Site "Kiev"]
[Date "2005.07.12"]
[Round "9"]
[White "Solomaha, Andrey"]
[Black "Evchin, Maxim"]
[Result "1-0"]
[WhiteElo "2368"]
[BlackElo "2256"]
[PlyCount "69"]
[EventDate "2005.07.04"]
[EventType "tourn"]
[EventRounds "11"]
[EventCountry "UKR"]
[EventCategory "2"]
[SourceTitle "EXT 2006"]
[Source "ChessBase"]
[SourceDate "2005.11.24"]
[SourceVersion "1"]
[SourceVersionDate "2005.11.24"]
[SourceQuality "1"]

1. e4 c5 2. c3 e6 3. d4 d5 4. exd5 exd5 5. Nf3 Nc6 6. Bb5 Bd6 7. dxc5 Bxc5 8. 0-0 Nge7 9. Nbd2 0-0 10. Nb3 Bb6 11. Nfd4 Qd6 12. Re1 Ng6 13. Bf1 Nce5 14. Nb5 Qf6 15. Be3 Bxe3 16. Rxe3 Ng4 17. Rf3 Qh4 18. h3 N6e5 19. Rf4 Qg5 20. Rxg4 Bxg4 21. hxg4 Nxg4 22. g3 Rad8 23. Bg2 f5 24. Nc7 f4 25. Ne6 Qh5 26. Nxf4 Qh2+ 27. Kf1 Rxf4 28. gxf4 Qxf4 29. Qd2 Nh2+ 30. Kg1 Nf3+ 31. Bxf3 Qxf3 32. Qe3 Qg4+ 33. Qg3 Qe2 34. Nd4 Qxb2 35. Re1 1-0

[Event "Sakharov Memorial 4th"]
[Site "Kiev"]
[Date "2005.07.11"]
[Round "8"]
[White "Evchin, Maxim"]
[Black "Kosikov, Andrey"]
[Result "1-0"]
[WhiteElo "2256"]
[BlackElo "2132"]
[PlyCount "51"]
[EventDate "2005.07.04"]
[EventType "tourn"]
[EventRounds "11"]
[EventCountry "UKR"]
[EventCategory "2"]
[SourceTitle "EXT 2006"]
[Source "ChessBase"]
[SourceDate "2005.11.24"]
[SourceVersion "1"]
[SourceVersionDate "2005.11.24"]
[SourceQuality "1"]

1. e4 c5 2. Nf3 Nc6 3. d4 cxd4 4. Nxd4 g6 5. c4 Bg7 6. Be3 Nf6 7. Nc3 0-0 8. Be2 d6 9. 0-0 Bd7 10. Qd2 Re8 11. f3 a6 12. Rfd1 Qa5 13. a3 Rac8 14. b3 Ne5 15. a4 Nc6 16. Rac1 Nxd4 17. Bxd4 Nh5 18. Bxg7 Nxg7 19. Nd5 Qxd2 20. Rxd2 Bc6 21. Nb6 Rcd8 22. b4 Ne6 23. Rcd1 f6 24. c5 Kg7 25. cxd6 exd6 26. b5 1-0